1312 1074 1375 1910 1032 1695 1170 1241 1547 1516 1413 1339 1574 1328 1314 1746 1927 1443 1925 1074 1283 1148 1818 1648 1919 1345 1920 1593 1257 1457 1063 1198 1022 1291 1994 1906 1135 1731 1443 1317 1543 1694 1347 1957 1208 1175 1616 1261 1014 1587 1918 1285 1545 1006 1394 1350 1987 1399 1331 1939 1769 1811 1487 1023 1624 1510 1102 1596 1811 1636 1927 1142 1029 1247 1898 1899 1299 1051 1782 1287 1686 1948 1593 1435 1145 1609 1056 1986 1293 1446 1419 1857 1054 1505 1984 1241 1590 1458 1733 BCNSPRNW ULIB Ver.6.0+V

เปลี่ยนเป็นภาษาไทย

Change to English
 แสดงรายละเอียดบรรณานุกรม
  กลับหน้าหลัก

Brief Record : Get Marc (ISO 2709) : E-mail record : QR code < ปิดหน้าต่าง
LEADER : 00000nam 2200000uu 4500
001    13399122509
003     ULIB
008    990916s2542 th a m 000 0 tha d
020    ^a9746628054
099    ^aวพ.WK850^bอ282ป
100 0  ^aอภิรดี ปลอดในเมือง
245 10 ^aประสิทธิภาพของโครงการสนับสนุนและให้ความรู้เพื่อปรับปรุงการรับรู้สมรรถนะในการดูแลตนเองและภาวะการควบคุมโรคในผู้ป่วยเบาหวานประเภทที่ 2 ที่ควบคุมโรคไม่ได้ =^bThe effectiveness of educative-supportive program to improve perceived self-care efficacy and diabetic control in uncontrolled type 2 dialbetic patients /^cอภิรดี ปลอดในเมือง
246 31 ^aThe effectiveness of educative-supportive program to improve perceived self-care efficacy and diabetic control in uncontrolled type 2 dialbetic patients
260    ^a^c2542
300    ^aก-ฎ, 163 แผ่น :^bภาพประกอบ (สีบางภาพ) ;^c30 ซม.
500    ^aSend to Single Search
502    ^aวิทยานิพนธ์ (พย.ม. (การพยาบาลผู้ใหญ่))--มหาวิทยาลัยมหิดล, 2542
610 24 ^aมหาวิทยาลัยมหิดล^xวิทยานิพนธ์
650  4 ^aการดูแลตนเอง
650  4 ^aเบาหวาน^xการป้องกันและควบคุม
691    ^aพย.ม. (2542)
692    ^aการพยาบาลผู้ใหญ่ (มหาวิทยาลัยมหิดล 2542)
700 0  ^aสมจิต หนุเจริญกุล,^eที่ปรึกษา
710 2  ^aมหาวิทยาลัยมหิดล
945    ^p0^l0^i012214
999    ^aกมลทิพย์ ธนสารสุธี
รายการนี้ยังไม่มีแท็ก
คุณยังไม่ได้ล็อกอิน คุณสามารถมีกิจกรรมร่วมกับเว็บไซต์ได้ แต่ต้องล็อกอินก่อน ::
  ล็อกอิน

รายการสื่อสารสนเทศ

ลำดับที่ ประเภท เลขเรียก/บาร์โค้ด สถานที่ สถานะ
1. วิทยานิพนธ์
วิทยานิพนธ์
วพ.WK850 อ282ป  
  Barcode: 012214
ห้องสมุดวิทยาเขตสวรรค์ประชารักษ์
► วิทยานิพนธ์
บนชั้น

รายการใกล้เคียง
    หัวเรื่อง [การดูแลตนเอง]
    หัวเรื่อง [เบาหวาน การป้องกันและควบคุม]

BibComment


ยังไม่เคยถูกคอมเมนท์

คอมเมนท์ทรัพยากรรายการนี้
  คอมเมนท์: ประสิทธิภาพของโค..


 Copyright 2026. Bcnsprnw @Library